| 000 | 00596nam a2200217 a 4500 | ||
|---|---|---|---|
| 003 | OSt | ||
| 005 | 20140311163035.0 | ||
| 008 | 110106s19uu xx 00 eng d | ||
| 020 | _a9789712356841 | ||
| 050 |
_aLB 2369 _b.B428 2010 |
||
| 100 |
_aBelen, Jose Alejandro. _930592 |
||
| 245 |
_aThesis writing primer / _cJose Alejandro R. Belen. |
||
| 260 |
_aQuezon City : _bRex Bookstore, _c2010. |
||
| 300 |
_a69 p. : _bill. ; _c25 cm. |
||
| 650 |
_aResearch. _91920 |
||
| 650 |
_aThesis writing. _930593 |
||
| 942 |
_cBK _2lcc _kLOC |
||
| 999 |
_c39666 _d39666 |
||